|
|
|
|
| LEADER |
00755cam a2200217 7i4500 |
| 001 |
0000020206 |
| 005 |
20171031090000.0 |
| 008 |
080526 eng |
| 020 |
|
|
|a 9788120327221 (pbk.)
|
| 020 |
|
|
|a 8120327225 (pbk.)
|
| 090 |
0 |
0 |
|a TA7867
|b .M34 2005
|
| 100 |
1 |
|
|a Maheshwari, L. K
|
| 245 |
1 |
0 |
|a Analog electronics
|c L.K.Maheshwari, M.M.S.Anand.
|
| 260 |
|
|
|a New Delhi:
|b Asoke K.Ghosh,
|c 2005.
|
| 300 |
|
|
|a xii, 690 p.:
|b ill.;
|c 24 cm.
|
| 500 |
|
|
|a Includes index
|
| 650 |
0 |
0 |
|a Analog electronic systems
|
| 650 |
0 |
0 |
|a Signal processing
|
| 997 |
|
|
|a Engineering & Life Sciences, Faculty
|b Engineering, Department
|
| 998 |
|
|
|a Electrical & Electronic Engineering, Diploma
|
| 999 |
|
|
|a 0000031087
|b BOK
|c OPEN SHELF
|e 2nd Floor, Bestari Jaya
|